| 000 | 00804nam a2200301Ia 4500 | ||
|---|---|---|---|
| 008 | 170203s9999 xx 000 0 und d | ||
| 020 | _a9780545127745 | ||
| 050 | _aFic | ||
| 050 | _bB863d | ||
| 100 | _aBroach, Elise. | ||
| 245 | _aWhen the dinosaurs came with everything / | ||
| 245 | _cwritten by Elise Broach ; illustrated by David Small. | ||
| 260 | _aNew York : | ||
| 260 | _bScholastic, | ||
| 260 | _c2008 | ||
| 300 | _a1 volume (unpaged) : | ||
| 300 | _bcolor illustrations ; | ||
| 300 | _c28 cm | ||
| 650 | _aDinosaurs -- | ||
| 650 | _aDinosaurs -- | ||
| 650 | _aHumorous stories. | ||
| 650 | _aMothers and sons -- | ||
| 650 | _aMothers and sons -- | ||
| 650 | _xFiction. | ||
| 650 | _xFiction. | ||
| 650 | _xJuvenile fiction. | ||
| 650 | _xJuvenile fiction. | ||
| 999 |
_c306307 _d306307 |
||